हमारे लोकप्रिय गीतकार / (Record no. 112755)

MARC details
000 -LEADER
fixed length control field 01314nam a22002897a 4500
003 - CONTROL NUMBER IDENTIFIER
control field dpl
005 - DATE AND TIME OF LATEST TRANSACTION
control field 20190211141454.0
008 - FIXED-LENGTH DATA ELEMENTS--GENERAL INFORMATION
fixed length control field 180906b xxu||||| |||| 00| 0 eng d
010 ## - LIBRARY OF CONGRESS CONTROL NUMBER
LC control number B-075202
020 ## - INTERNATIONAL STANDARD BOOK NUMBER
Terms of availability 95.00
International Standard Book Number 8170559553
035 ## - SYSTEM CONTROL NUMBER
System control number B-075202, B-075203, B-075206
037 ## - SOURCE OF ACQUISITION
Source of stock number/acquisition Cen Lib/Ret
040 ## - CATALOGING SOURCE
Original cataloging agency DPL
Language of cataloging HN
Transcribing agency 0
082 ## - DEWEY DECIMAL CLASSIFICATION NUMBER
Classification number 821
Item number अवस्थी
100 ## - MAIN ENTRY--PERSONAL NAME
Personal name अवस्थी, रमानाथ
9 (RLIN) 49052
245 ## - TITLE STATEMENT
Title हमारे लोकप्रिय गीतकार /
Statement of responsibility, etc रमानाथ अवस्थी ; संपादक शेरगंज गर्ग
246 ## - VARYING FORM OF TITLE
Title proper/short title Hamare lokpriye geetkaar /
Remainder of title by Ramanath Awasthi ; edited by Sherganj Garg
260 ## - PUBLICATION, DISTRIBUTION, ETC. (IMPRINT)
Place of publication, distribution, etc नयी दिल्ली
Name of publisher, distributor, etc वाणी प्रकाशन
Date of publication, distribution, etc 2002
270 ## - ADDRESS
Address 21-ए, दरियागंज
City नयी दिल्ली
Postal code 110002
300 ## - PHYSICAL DESCRIPTION
Extent 139पृ.
Dimensions 20सेमी (सजिल्द)
650 ## - SUBJECT ADDED ENTRY--TOPICAL TERM
Topical term or geographic name as entry element हिन्दी -- साहित्य
9 (RLIN) 49053
650 ## - SUBJECT ADDED ENTRY--TOPICAL TERM
Topical term or geographic name as entry element हिन्दी -- गीत -- रमानाथ अवस्थी
9 (RLIN) 44332
650 ## - SUBJECT ADDED ENTRY--TOPICAL TERM
Topical term or geographic name as entry element Hindi - literature
9 (RLIN) 49054
650 ## - SUBJECT ADDED ENTRY--TOPICAL TERM
Topical term or geographic name as entry element Hindi -- songs -- Ramanath Awasthi
9 (RLIN) 49055
700 ## - ADDED ENTRY--PERSONAL NAME
Personal name गर्ग, शेरगंज
9 (RLIN) 210
942 ## - ADDED ENTRY ELEMENTS (KOHA)
Source of classification or shelving scheme Dewey Decimal Classification
Koha item type Hindi Books
Classification part 821
Call number suffix अवस्थी
Holdings
Withdrawn status Lost status Damaged status Not for loan Home library Current library Date acquired Source of acquisition Cost, normal purchase price Total Checkouts Full call number Barcode Date last seen Copy number Cost, replacement price Price effective from Koha item type Source of classification or shelving scheme Coded location qualifier Collection code Date checked out
        Central Library Central Library 10/08/2015 Cen Lib/Ret 95.00   821 अवस्थी B-075202 10/08/2015 1 95.00 10/08/2015 Hindi Books        
        Central Library Central Library 12/10/2016   95.00   821 अवस्थी B-075224 12/10/2016 2 95.00 12/10/2016 Hindi Books Dewey Decimal Classification Cen Lib/Re    
        Patel Nagar Patel Nagar 06/09/2018 BPPD/Pub 95.00   821 अवस्थी B-075203 06/09/2018   95.00 06/09/2018 Hindi Books Dewey Decimal Classification   Non-fiction  
        Shahdara Branch Shahdara Branch 11/02/2019 BPPD/PUB 95.00 1 821 अवस्थी B-075206 09/12/2019   95.00 11/02/2019 Hindi Books Dewey Decimal Classification   Non-fiction 30/11/2019

© Delhi Public Library
Hit Counter
free hit counter